| 000 -LEADER |
| fixed length control field |
01995 a2200277 4500 |
| 003 - CONTROL NUMBER IDENTIFIER |
| control field |
Nust |
| 005 - DATE AND TIME OF LATEST TRANSACTION |
| control field |
20220818182039.0 |
| 010 ## - LIBRARY OF CONGRESS CONTROL NUMBER |
| LC control number |
2002392951 |
| 020 ## - INTERNATIONAL STANDARD BOOK NUMBER |
| International Standard Book Number |
1861002610 |
| 035 ## - SYSTEM CONTROL NUMBER |
| System control number |
(OCoLC)ocm42968790 |
| 040 ## - CATALOGING SOURCE |
| Transcribing agency |
Nust |
| 082 00 - DEWEY DECIMAL CLASSIFICATION NUMBER |
| Classification number |
005.276,AND |
| 100 ## - MAIN ENTRY--PERSONAL NAME |
| Personal name |
Anderson, Richard |
| 9 (RLIN) |
98091 |
| 245 00 - TITLE STATEMENT |
| Title |
Professional Active Server Pages 3.0 / |
| Statement of responsibility, etc. |
Richard Anderson ... [et al.] |
| 246 30 - VARYING FORM OF TITLE |
| Title proper/short title |
Active Server Pages 3.0 |
| 260 ## - PUBLICATION, DISTRIBUTION, ETC. |
| Place of publication, distribution, etc. |
Birmingham [UK] ; |
| -- |
Chicago, Ill., USA : |
| Name of publisher, distributor, etc. |
Wrox Press Ltd., |
| Date of publication, distribution, etc. |
c1999. |
| 300 ## - PHYSICAL DESCRIPTION |
| Extent |
xxiii, 1277 p. : |
| Other physical details |
ill. ; |
| Dimensions |
24 cm. |
| 440 #0 - SERIES STATEMENT/ADDED ENTRY--TITLE |
| Title |
Programmer to programmer |
| 9 (RLIN) |
97202 |
| 505 ## - FORMATTED CONTENTS NOTE |
| Formatted contents note |
ASP fundamentals(Page-9), Handling requests and responses(Page-47), ASP Applications and sessions(Page-93), Server processes and the ASP server object(Page-129),The scripting runtime library objects(Page-173), Active server components(Page-221), Debugging and error handling(Page-271), ADO 2.5 Basics(Page-313), Connections,commands and procedures(Page 353), ASP and data on the client (Page-389),Working with xml data(Page-443), Universal data access(Page-487),Components and web application architecture(Page-529),COM,COM+ and ASP (Page-565),COM + Applications(Page-599), ASP scripts components(Page-645),Building ASP components in C++(Page-673), More C++ component issues(Page-703), ASP and transacted web applications(Page-29), ASP and message queue server(Page-767), Introducing ADSI and active directory(Page-805), ASP and collaboration data objects for nt server (Page-847), ASP,CDO and exchange server(Page-895), Securing your server(Page-949), Working with certificates(Page-989),Optimizing ASP performance(Page-1023), Building multiple server websites(Page-1059), An XML driven newspaper case study(Page-1083). |
| 650 #0 - SUBJECT ADDED ENTRY--TOPICAL TERM |
| Topical term or geographic name entry element |
Internet programming. |
| 9 (RLIN) |
18035 |
| 650 #0 - SUBJECT ADDED ENTRY--TOPICAL TERM |
| Topical term or geographic name entry element |
Web publishing. |
| 9 (RLIN) |
97833 |
| 650 #0 - SUBJECT ADDED ENTRY--TOPICAL TERM |
| Topical term or geographic name entry element |
Web servers |
| General subdivision |
Computer programs. |
| 9 (RLIN) |
55563 |
| 650 #0 - SUBJECT ADDED ENTRY--TOPICAL TERM |
| Topical term or geographic name entry element |
Web sites |
| General subdivision |
Design. |
| 9 (RLIN) |
18036 |
| 700 1# - ADDED ENTRY--PERSONAL NAME |
| Personal name |
Anderson, Richard, |
| Dates associated with a name |
1972- |
| 9 (RLIN) |
98092 |
| 942 ## - ADDED ENTRY ELEMENTS (KOHA) |
| Source of classification or shelving scheme |
|
| Koha item type |
Book |
| Call number prefix |
005.276,AND |